State of the world 2002: a world watch institute report on progress towards a sustainable society (Record no. 58226)

MARC details
000 -LEADER
fixed length control field 00681nam a2200169 a 4500
008 - FIXED-LENGTH DATA ELEMENTS--GENERAL INFORMATION
fixed length control field 120416s2002 ||||||||||||||||| || u
020 ## - INTERNATIONAL STANDARD BOOK NUMBER
International Standard Book Number 0393322793
050 ## - LIBRARY OF CONGRESS CALL NUMBER
Classification number QH 541.15.M64 Sta
100 ## - MAIN ENTRY--PERSONAL NAME
Personal name Starke, Linda
245 10 - TITLE STATEMENT
Title State of the world 2002: a world watch institute report on progress towards a sustainable society
Statement of responsibility, etc. Linda Starke; [and others]
260 ## - PUBLICATION, DISTRIBUTION, ETC.
Place of publication, distribution, etc. New York:
Name of publisher, distributor, etc. W.W Norton and Company
Date of publication, distribution, etc. 2002
300 ## - PHYSICAL DESCRIPTION
Extent xxii, 265p. : ill.
350 ## - PRICE (NR) (BK AM CF MU VM SE) [OBSOLETE]
Price 0.00
650 ## - SUBJECT ADDED ENTRY--TOPICAL TERM
Topical term or geographic name entry element ENVIRONMENT
650 ## - SUBJECT ADDED ENTRY--TOPICAL TERM
Topical term or geographic name entry element WORLD GEOGRAPHY
995 ## - RECOMMENDATION 995 [LOCAL, UNIMARC FRANCE]
-- 0.00
-- CBU-MAIN LIBRARY (Kitwe)
-- 1
-- 34.95
-- 1
-- AVAILABLE
-- Main Library Open Access Collection
Holdings
Withdrawn status Lost status Source of classification or shelving scheme Damaged status Not for loan Home library Current library Shelving location Date acquired Total Checkouts Full call number Barcode Date last seen Price effective from Koha item type
          CBU-MAIN LIBRARY, KITWE. CBU-MAIN LIBRARY, KITWE.   11/30/2022   QH 541.15.M64 Sta 47813 11/30/2022 11/30/2022 MONOGRAPH